| 000 | 00603nam a2200217Ia 4500 | ||
|---|---|---|---|
| 003 | OSt | ||
| 005 | 20230606090502.0 | ||
| 008 | 210423s2019 xx 000 0 und d | ||
| 020 | _a81-7629-284-2 | ||
| 040 | _cAL | ||
| 041 | _aeng | ||
| 082 | _a362.1 GOEH | ||
| 100 |
_aGOEL (S L) _9119825 |
||
| 245 | _aHealth care management and administration | ||
| 260 |
_aNew Delhi _bDeep and deep publication _c2019 |
||
| 300 |
_axxviii, 384 _bHB |
||
| 365 |
_b825 _cINR |
||
| 650 |
_aSocial Welfare Problems & Services _9119826 |
||
| 906 | _aadministration ; care ; Health ; management | ||
| 942 |
_2ddc _cBK |
||
| 999 |
_c176659 _d176659 |
||